| 000 | 00964cab a2200253 4500 | ||
|---|---|---|---|
| 001 | WB3102-35 | ||
| 008 | 090401t1995 xxu||||| |||| 00| 0 eng d | ||
| 035 | _a(Sirsi) u66063 | ||
| 041 | _aeng | ||
| 245 | _aEstablished use certificate | ||
| 260 | _c1995 | ||
| 350 | _a0 | ||
| 490 |
_aEstates Gazette Case Summaries _v(1995) EGCS 207(1) (7/1/95) |
||
| 520 | _a"Bailey and another v SoS Environment and another" CA 15 December 1994. B`s appeal against rejection by both the council and SoS of an application for an established use certificate was dismissed following the precedent of "Bolivian & General Tin Trust Ltd v SoS Environment" 1972. | ||
| 650 | _aESTABLISHED USE CERTIFICATES | ||
| 650 | _aESTABLISHED USE | ||
| 650 | _aLAWFUL USE | ||
| 650 | _aPLANNING PERMISSION | ||
| 650 | _aTOWN AND COUNTRY PLANNING ACT 1990 SS191-192 | ||
| 650 | _aUNLAWFUL USE | ||
| 690 | _aPLANNING LAW AND PRACTICE-CASE LAW | ||
| 942 | _n0 | ||
| 948 | _c04/03/1997 | ||
| 999 |
_c41288 _d41288 |
||